000 00830nam a2200193Ii 4500
003 JO-AjNU
008 230605s9999||||xx |||||||||||||| ||und||
040 _aJO-AjNU
_bara
_erda
_cJO-AjNU
041 _aara
050 1 4 _aHV41 .H356 2001
100 3 _aحمودة، مسعد الفاروق / م.مشارك: ابراهيم عبدالهادي المليجي,
_eauthor
_917569
245 0 0 _aالمدخل الى تنظيم المجتمع المعاصر: نظرة تكاملية
264 3 1 _aالاسكندرية: المكتب الجامعي الحديث، 2001
300 _a345ص
_bيحتوي على ببلوغرافية من 335-345ص
336 _atext
_btxt
_2rdacontent
337 _aunmediated
_bn
_2rdamedia
338 _avolume
_bnc
_2rdacarrier
650 4 _aالخدمة الاجتماعية - تنظيم المجتمع
_917570
999 _aA5453
_c9021
_d9021